<?xml version="1.0" encoding="UTF-8"?>
<collection xmlns="http://www.loc.gov/MARC21/slim">
    <record>
        <controlfield tag="001">94642</controlfield>
        <controlfield tag="005">20200819092756.0</controlfield>
        <datafield tag="037" ind1=" " ind2=" ">
            <subfield code="a">TAZ-TFG-2020-2456</subfield>
        </datafield>
        <datafield tag="041" ind1=" " ind2=" ">
            <subfield code="a">spa</subfield>
        </datafield>
        <datafield tag="100" ind1="1" ind2=" ">
            <subfield code="a">Sebastián Adame, Sergio</subfield>
        </datafield>
        <datafield tag="242" ind1="0" ind2="0">
            <subfield code="a">Gazing at Fire: Heraclitus Doctrine of Flux through Igneous Symbolism.</subfield>
        </datafield>
        <datafield tag="245" ind1="0" ind2="0">
            <subfield code="a">Mirando al Fuego: la doctrina del cambio en Heráclito a través del simbolismo ígneo.</subfield>
        </datafield>
        <datafield tag="260" ind1=" " ind2=" ">
            <subfield code="a">Zaragoza</subfield>
            <subfield code="b">Universidad de Zaragoza</subfield>
            <subfield code="c">2020</subfield>
        </datafield>
        <datafield tag="506" ind1=" " ind2=" ">
            <subfield code="a">by-nc-sa</subfield>
            <subfield code="b">Creative Commons</subfield>
            <subfield code="c">3.0</subfield>
            <subfield code="u">http://creativecommons.org/licenses/by-nc-sa/3.0/</subfield>
        </datafield>
        <datafield tag="520" ind1=" " ind2=" ">
            <subfield code="a">La interpretación del pensamiento Heráclito se ha mantenido siempre en un lugar conflictivo. El problema de las fuentes y la ambigüedad de su forma de expresión nos pueden llevar a distorsionar su concepción original, por lo que el modo de acercarnos a su filosofía tiene que ser obligatoriamente hermenéutico. La doctrina del cambio de Heráclito está articulada por medio de una serie de símbolos que no se pueden reducir a conceptos, pues ello opacaría su capacidad expresiva, de manera que habrá que examinarlos de forma individual para poder establecer una relación adecuada entre ellos. Según esta lectura, el fuego aparecerá como la manifestación simbólica del cambio de una realidad estructurada ontológicamente por el logos. Logos y Fuego se distinguen por cuanto el primero señala el modelo del devenir que seguirá el segundo, lo cual obliga a revisar el papel del fuego dentro de la filosofía de Heráclito a la vez que se despliega la fuerza de su simbolismo. &lt;br />&lt;br /></subfield>
        </datafield>
        <datafield tag="521" ind1=" " ind2=" ">
            <subfield code="a">Graduado en Filosofía</subfield>
        </datafield>
        <datafield tag="540" ind1=" " ind2=" ">
            <subfield code="a">Derechos regulados por licencia Creative Commons</subfield>
        </datafield>
        <datafield tag="700" ind1=" " ind2=" ">
            <subfield code="a">Velázquez  González, Juan</subfield>
            <subfield code="e">dir.</subfield>
        </datafield>
        <datafield tag="710" ind1="2" ind2=" ">
            <subfield code="a">Universidad de Zaragoza</subfield>
            <subfield code="b">Filosofía</subfield>
            <subfield code="c"></subfield>
        </datafield>
        <datafield tag="856" ind1="0" ind2=" ">
            <subfield code="f">717297@unizar.es</subfield>
        </datafield>
        <datafield tag="856" ind1="4" ind2=" ">
            <subfield code="s">386217</subfield>
            <subfield code="u">http://zaguan.unizar.es/record/94642/files/TAZ-TFG-2020-2456.pdf</subfield>
            <subfield code="y">Memoria (spa)</subfield>
        </datafield>
        <datafield tag="909" ind1="C" ind2="O">
            <subfield code="o">oai:zaguan.unizar.es:94642</subfield>
            <subfield code="p">driver</subfield>
            <subfield code="p">trabajos-fin-grado</subfield>
        </datafield>
        <datafield tag="950" ind1=" " ind2=" ">
            <subfield code="a"></subfield>
        </datafield>
        <datafield tag="951" ind1=" " ind2=" ">
            <subfield code="a">deposita:2020-08-19</subfield>
        </datafield>
        <datafield tag="980" ind1=" " ind2=" ">
            <subfield code="a">TAZ</subfield>
            <subfield code="b">TFG</subfield>
            <subfield code="c">FFYL</subfield>
        </datafield>
        <datafield tag="999" ind1=" " ind2=" ">
            <subfield code="a">20200628195210.CREATION_DATE</subfield>
        </datafield>
    </record>

    
</collection>